01064nam a2200313 i 45000010005000000030009000050050017000140080039000310150017000700400041000870460009001280800015001370800012001521000037001642450035002012600074002363000047003103800017003573800027003743850039004013880014004405040024004545210031004786500017005096580028005266550042005547100057005968560097006538884KOSZ 00520200127083617.0070708s1970 pl a f f 000 0 pol aPB 1970/4897 aWA NcWA NdKOSZ 005/RWdKOSZ 005/HR k1970 a621.56/.59 a(075.3)1 aSzolc, Tadeuszd(?-2004).eAutor10aChłodnictwo /cTadeusz Szolc. a[Warszawa] :bPaństwowe Wydawnictwa Szkolnictwa Zawodowego, c1970. a557, [2] s., [3] k. tabl. :bil. ;c23 cm. aKsiążki. aPublikacje dydaktyczne mPoziom nauczaniaaSzkoły zawodowe a1901-2000 aBibliogr. s. [559].8 aDla kl. IV i V tech. mech. 4aChłodnictwo aInżynieria i technika 4aPodręczniki dla szkół zawodowych2 aPaństwowe Wydawnictwa Szkolnictwa Zawodowego4pbl. uhttp://koha.tu.koszalin.pl/cgi-bin/koha/opac-detail.pl?biblionumber=8884yKatalog online BPK